Duševné vlastníctvo. Vynálezy. 1

Prehľad zákonov upravujúcich oblasť priemyselného vlastníctva, zákony o vynálezoch, priemyselných vzoroch a zlepšovacích návrhoch. Účel zákona o vynálezoch. Patent na vynález. Patentovateľnosť vynálezov. Vynálezcovská činnosť.

Guardado en:
Detalles Bibliográficos
Autor principal: Vyparina, S.
Formato: Capítulo de libro
Lenguaje:eslovaco
Materias:
Etiquetas: Agregar Etiqueta
Sin Etiquetas, Sea el primero en etiquetar este registro!

MARC

LEADER 00000naa a2200000 4500
001 r025167
005 20230919112927.6
041 0 |a slo 
044 |a SK 
245 1 0 |a Duševné vlastníctvo. Vynálezy. 1  |c S. Vyparina 
520 |a Prehľad zákonov upravujúcich oblasť priemyselného vlastníctva, zákony o vynálezoch, priemyselných vzoroch a zlepšovacích návrhoch. Účel zákona o vynálezoch. Patent na vynález. Patentovateľnosť vynálezov. Vynálezcovská činnosť. 
610 2 0 |a zákony 
610 2 0 |a Slovensko 
610 2 0 |a 1990-1993 
610 2 0 |a vynálezy 
610 2 0 |a vynálezcovstvo 
610 2 0 |a patenty 
610 2 0 |a vlastníctvo duševné 
610 2 0 |a vzory priemyselné 
610 2 0 |a právo priemyselné 
610 2 0 |a úpravy právne 
100 1 |a Vyparina, S.